000 00162nam a22000857a 4500
082 _a823
100 _aC K SAMPAT
245 _aVIKAS STORIES FOR CHILDREN
942 _cBK
999 _c8350
_d8350